LEADER 01089nam0-22003371i-450- 001 990001323340403321 010 $a0-471-53271-1 035 $a000132334 035 $aFED01000132334 035 $a(Aleph)000132334FED01 035 $a000132334 100 $a--------d--------km-y0itay50------ba 101 0 $aeng 200 1 $a<>Scientist's and Engineer's Guide to Workstations and Supercomputers$eCoping with Unix, RISC, vectors, and programming$fRubin H. Landau, Paul J. Fink, Jr. 210 $aNew York$cJohn Wiley$dc1993. 215 $aXXI, 390 p.$cill.$d26 cm + 1 disco allegato 610 0 $aSistemi operativi$aUnix 610 0 $aWorkstations 610 0 $aArchitettura degli elaboratori 676 $a004.245 700 1$aLandau,$bRubin H.$060004 702 1$aFink,$bPaul J., JR. 801 0$aIT$bUNINA$gRICA$2UNIMARC 901 $aBK 912 $a990001323340403321 952 $a124-C-13$b11112$fMA1 959 $aMA1 962 $a68M99 962 $a68N25 996 $aScientist's and Engineer's Guide to Workstations and Supercomputers$9382911 997 $aUNINA LEADER 01251nam--2200409---450 001 990001023050203316 005 20180312154747.0 010 $a0-412-80220-1 035 $a0102305 035 $aUSA010102305 035 $a(ALEPH)000102305USA01 035 $a0102305 100 $a20020308d1999----km-y0ITAy0103-------ba 101 0 $aENG 102 $aUK 200 1 $aHigh speed optical communications$fRoberto Sabella, Paolo Lugli 210 $aBoston [etc.]$cKluwer Academic Publishers$dcopyr. 1999 215 $a318 p.$cill.$d20 cm 410 $12001 610 1 $aCommunicazione ottica 610 2 $aFibre ottiche 676 $a621.3827 700 1$aSabella,$bRoberto$0553376 701 1$aLugli,$bPaolo$0553377 801 0$aITA$bCBS$gISBD 912 $a990001023050203316 951 $b0027381 CBS$a621.382 7 SAB$c621.382 7$d00111076 959 $aBK 969 $aSCI 979 $aDIGIUSEPPE$b90$c20020308$lUSA01$h1156 979 $aDIGIUSEPPE$b90$c20020308$lUSA01$h1237 979 $c20020403$lUSA01$h1743 979 $aPATRY$b90$c20040406$lUSA01$h1711 979 $aANDRIA$b90$c20100507$lUSA01$h1507 979 $aANDRIA$b90$c20100507$lUSA01$h1508 996 $aHigh speed optical communications$9974245 997 $aUNISA